000 00461caa a22001812a 4500
001 000161
003 AR-FADEU
008 311216n############xxu####################dd
092 _aPP(330)NOV
100 _aSturzenegger, Adolfo
245 _bLa economía argentina es básicamente estable
245 _aNovedades económicas
300 _a15-17
440 _vedición especial
260 _cmay de 1994
650 _aECONOMIA ARGENTINA
942 _cPPGR
999 _c2939
_d2939